Culture générale en 60 secondes #3 - Histoire - Statistiques

Statistiques générales
  • Ce quiz a été pris 121 fois
  • Le résultat moyen est 6 sur 16
Statistiques - réponses
Indice Réponse % Correct
En quelle année a eu lieu la bataille de Marignan ? 1515
69%
Quelle monnaie utilisait l'Allemagne avant l'euro ? Mark
63%
Par qui a été déclaré l'Édit de Nantes ? Henri IV
59%
Quelle marque de voiture a débuté à Détroit puis y a produit une crise économique ? Ford
58%
Comment ont été surnommés les soldats français de la Première Guerre Mondiale ? Poilus
48%
À quel mois y a t-il la fête commémorative de Thanksgiving ? Novembre
47%
Qui était le chef de la Terreur durant la révolution française ? Robespierre
47%
Quel Grec du IIIe siècle avant J.C. est connu pour avoir crié "Eurêka" dans son bain ? Archimède
46%
Vers quel État américain s'est déroulée la Ruée vers l'or ? Californie
42%
Quel poète, connu pour son "Lac", a proclamé la Deuxième République ? Alphonse de Lamartine
28%
CEE signifie communauté économique... Européenne
20%
Quel roi de France a régné pendant la majorité du siècle des Lumières ? Louis XV
20%
Quel est le nom complet du fondateur et plus célèbre chef de l'Empire mongol ? Gengis Khan
8%
Qui est l'auteur de la citation "C'est à ce prix que vous mangez du sucre en Europe" ? Voltaire
8%
Quel nom est donné aux 10 principaux dirigeants de la Grèce antique de Périclès ? Stratèges
5%
Quel massacre mené par les Japonais en 1937-1938 envers les Chinois a pu faire jusqu'à 200 000 morts ? Massacre de Nankin
2%
Aucun quiz correspondant
Distribution des résultats
% des personnes avec chaque résultat
Percentile par nombre de réponses
Votre historique - résultats
Vous n’avez pas pris ce quiz